| 000 | 00647nam a2200205 a 4500 | ||
|---|---|---|---|
| 005 | 20140310183603.0 | ||
| 008 | 120614s19uu xx 00 eng d | ||
| 020 | _a9781412970099 | ||
| 050 |
_aPN 4784.O62 _b.C73 2011 |
||
| 100 | _aCraig, David A. | ||
| 245 |
_aExcellence in online journalism : _bexploring current practices in an evolving environment / _cDavid A Craig. |
||
| 260 |
_aThousand Oaks, Calif : _bSAGE, _c2011. |
||
| 300 |
_a179 p. : _bill. ; _c23 cm. |
||
| 500 | _aIncludes index. | ||
| 521 | _aMC | ||
| 650 | _aOnline journalism | ||
| 650 |
_aJournalism _xTechnological innovations |
||
| 942 |
_cBK _2lcc _kFOR |
||
| 999 |
_c25132 _d25132 |
||